RAST DIVÉHO DUNAJSKÉHO KAPRA [CYPRINUS CARPIO CARPIO (L.)] V RYBNÍKOCH NA KAMENNOM MLYNE

Bibliographic Details
Main Author: Bastl, Ivan, 1931- (Author)
Format: Article
Language:Slovak

MARC

LEADER 00000nab a2200000uu 4500
001 vtls011452054
003 SK-MaSNL
005 20260303123333.0
008 230213|1962 xo |||||||||||||||||slo|
015 |a SNBRB 
035 |a (urnnbn)urn:nbn:sk:snk:ar-007ix4 
035 |a (uuid)822ac5f9-8517-41d0-9f38-67837c964124 
035 |a urn:nbn:sk:snk-abcnvh 
040 |a SNKBUCL  |b slo  |c SNKBUCL  |e AACR2 
041 0 |a slo 
044 |a xo  |c SK 
100 1 |a Bastl, Ivan,  |d 1931-  |4 aut  |9 37683 
245 1 0 |a RAST DIVÉHO DUNAJSKÉHO KAPRA [CYPRINUS CARPIO CARPIO (L.)] V RYBNÍKOCH NA KAMENNOM MLYNE  |c Ivan Bastl 
773 0 |t Biológia : časopis Slovenskej akadémie vied  |g Roč. 17, č. 10 (1962), s. 757-770 
954 |a odborná, vedecká literatúra pôvodná (slovenská)  |2 lita 
958 |a OND 
958 |a EUIPO 
958 |a article16 
999 |c 1925350  |d 1927280